<?xml version="1.0" encoding="UTF-8"?>
<record
    xmlns:xsi="http://www.w3.org/2001/XMLSchema-instance"
    xsi:schemaLocation="http://www.loc.gov/MARC21/slim http://www.loc.gov/standards/marcxml/schema/MARC21slim.xsd"
    xmlns="http://www.loc.gov/MARC21/slim">

  <leader>00875nam a2200181 i 4500</leader>
  <controlfield tag="001">184448</controlfield>
  <controlfield tag="003">ES-MaACL</controlfield>
  <controlfield tag="005">20250815113049.0</controlfield>
  <controlfield tag="008">150831s1873    sp           |||| | spa d</controlfield>
  <datafield tag="100" ind1="1" ind2=" ">
    <subfield code="a">Berthelot, Marcellin, </subfield>
    <subfield code="d">1827-1907</subfield>
    <subfield code="9">125961</subfield>
  </datafield>
  <datafield tag="245" ind1="1" ind2="0">
    <subfield code="a">Lecciones sobre los m&#xE9;todos generales de s&#xED;ntesis en Qu&#xED;mica org&#xE1;nica</subfield>
    <subfield code="b">: explicadas en el Colegio de Francia / </subfield>
    <subfield code="c">por Berthelot ; traducidas por Vicente Martin de Argenta.</subfield>
  </datafield>
  <datafield tag="260" ind1=" " ind2=" ">
    <subfield code="a">Madrid : </subfield>
    <subfield code="b">Semanario Farmac&#xE9;utico, </subfield>
    <subfield code="c">1873 (</subfield>
    <subfield code="f">Imp. de J.M. Ducazcal)</subfield>
  </datafield>
  <datafield tag="300" ind1=" " ind2=" ">
    <subfield code="a">372, X p. ; </subfield>
    <subfield code="c">24 cm.</subfield>
  </datafield>
  <datafield tag="650" ind1=" " ind2="7">
    <subfield code="a">Qu&#xED;mica org&#xE1;nica</subfield>
    <subfield code="2">embne</subfield>
    <subfield code="9">136799</subfield>
  </datafield>
  <datafield tag="700" ind1="1" ind2=" ">
    <subfield code="a">Mart&#xED;n de Argenta, Vicente.</subfield>
    <subfield code="9">157362</subfield>
  </datafield>
  <datafield tag="852" ind1=" " ind2=" ">
    <subfield code="a">ES-MaACL</subfield>
    <subfield code="j">G-11016 </subfield>
    <subfield code="z">.- Sello de "Los Escolares M&#xE9;dicos" </subfield>
    <subfield code="z">.- Legado Gustavo Saenz Diez </subfield>
    <subfield code="z">.- Dedicatoria ms. del traductor a la biblioteca de "Los Escolares M&#xE9;dicos"</subfield>
  </datafield>
  <datafield tag="999" ind1=" " ind2=" ">
    <subfield code="c">184448</subfield>
    <subfield code="d">184448</subfield>
  </datafield>
  <datafield tag="952" ind1=" " ind2=" ">
    <subfield code="0">0</subfield>
    <subfield code="1">0</subfield>
    <subfield code="4">0</subfield>
    <subfield code="7">0</subfield>
    <subfield code="8">LIBXIX</subfield>
    <subfield code="a">ATENEOM</subfield>
    <subfield code="b">ATENEOM</subfield>
    <subfield code="c">SPP3</subfield>
    <subfield code="d">2015-08-31</subfield>
    <subfield code="e">DON</subfield>
    <subfield code="l">0</subfield>
    <subfield code="o">G-11016</subfield>
    <subfield code="p">1194105</subfield>
    <subfield code="r">2023-02-23 00:00:00</subfield>
    <subfield code="w">2023-02-23</subfield>
    <subfield code="y">MONANT</subfield>
  </datafield>
</record>
